00433nam a2200157Ia 45000010006000000050017000060080041000230410008000640820015000721000046000872450089001332600009002223000028002316500008002596540008002672225220260414150819.0260414t2012||||xx |||||||||||||| ||spa|| aESP a621.3bF41 aFernández Fernández, José LuiseAUT 0aGuía para la resolución de problemas de electromagnetismo :bproblemas resueltos c2012 a465 páginas :c24 cm. aTCA aCET